Integration Across Boarders. (Record no. 6995)

MARC details
000 -LEADER
fixed length control field 00613nam a22002177u 4500
001 - CONTROL NUMBER
control field 8359
003 - CONTROL NUMBER IDENTIFIER
control field OSt
005 - DATE AND TIME OF LATEST TRANSACTION
control field 20190718112806.0
007 - PHYSICAL DESCRIPTION FIXED FIELD--GENERAL INFORMATION
fixed length control field tu
008 - FIXED-LENGTH DATA ELEMENTS--GENERAL INFORMATION
fixed length control field 161220s2012 xxu|||||||||||00||0|eng|d
020 ## - INTERNATIONAL STANDARD BOOK NUMBER
International Standard Book Number 978-1-898802-38-9
024 7# - OTHER STANDARD IDENTIFIER
Standard number or code 8359
Source of number or code RID
040 ## - CATALOGING SOURCE
Transcribing agency OSt
110 2# - MAIN ENTRY--CORPORATE NAME
Corporate name or jurisdiction name as entry element European Bank for Reconstruction and Development (EBRD)
245 00 - TITLE STATEMENT
Title Integration Across Boarders.
Remainder of title Transition Report 2012
260 ## - PUBLICATION, DISTRIBUTION, ETC.
Place of publication, distribution, etc. London,
Date of publication, distribution, etc. 2012.
300 ## - PHYSICAL DESCRIPTION
Extent 172 S. ;
Dimensions 21cm.
490 0# - SERIES STATEMENT
Series statement Transition Report
Volume/sequential designation 2012
International Standard Serial Number 1356-3424
856 ## - ELECTRONIC LOCATION AND ACCESS
Uniform Resource Identifier <a href="http://www.ebrd.com/downloads/research/transition/tr12.pdf">http://www.ebrd.com/downloads/research/transition/tr12.pdf</a>
942 ## - ADDED ENTRY ELEMENTS (KOHA)
Koha item type Periodical
Holdings
Withdrawn status Lost status Damaged status Not for loan Home library Current library Shelving location Date acquired Inventory number Total Checkouts Barcode Date last seen Price effective from Koha item type
        WIIW WIIW Library 02/04/2013 8359   10005377 01/26/2017 01/26/2017 Periodical
The Vienna Instiute for International Economic Studies (wiiw)